| 000 | 00371nam a22001217a 4500 | ||
|---|---|---|---|
| 999 |
_c971 _d971 |
||
| 005 | 20200820134412.0 | ||
| 008 | 200820b ||||| |||| 00| 0 eng d | ||
| 020 | _a18682 | ||
| 040 | _cCML | ||
| 245 |
_aCurriculum in the Modern School. _cBeck, R.H. |
||
| 260 |
_aEnglewood Cliffs, N.J. _bPrentice, Hall, Inc. _c1960 |
||
| 942 |
_2ddc _cBK _e2nd Edition _h375 _mBEC |
||